000 00477 a2200157 4500
005 20250317071818.0
020 _a978-0-07-311226-8
082 _a361.320 KRY
100 _aKRYSIK, J. L.
245 _aResearch for Effective Social Work Practice.
260 _aNew York,
_bMcGraw-Hill,
_c2007.
300 _axxix,388p.:Ill.;figures,picture &table.
_bGlossary,Index.
_c23cm.
700 _aJERRY,FINN.
856 _yAccess Online Book.
_fResearch.
_dwww.mhhe.com
942 _2ddc
_cBKS
999 _c720
_d720